Library of the University of Algiers 3
Ibrahim Sultan Cheibout
شعار جامعة الجزائر 3
مكتبة جامعة الجزائر 3
إبراهيم سلطان شيبوط

القياس النفسي (رقم التسجيلة. 12005)

تفاصيل مارك
000 -LEADER
fixed length control field 00485nam a2200181Ia 4500
003 - CONTROL NUMBER IDENTIFIER
control field IEPS
005 - DATE AND TIME OF LATEST TRANSACTION
control field 20250703135254.0
008 - FIXED-LENGTH DATA ELEMENTS--GENERAL INFORMATION
fixed length control field 250223s9999||||xx |||||||||||||| ||und||
040 ## - CATALOGING SOURCE
-- IEPS
041 ## - LANGUAGE CODE
Language code of text/sound track or separate title ara
082 ## - DEWEY DECIMAL CLASSIFICATION NUMBER
Classification number 150.28
100 ## - MAIN ENTRY--PERSONAL NAME
Personal name مسعد عبد الرحمان
245 #0 - TITLE STATEMENT
Title القياس النفسي
260 ## - PUBLICATION, DISTRIBUTION, ETC.
Place of publication, distribution, etc. الجيزة
Name of publisher, distributor, etc. هبة النيل
Date of publication, distribution, etc. 2009
300 ## - PHYSICAL DESCRIPTION
Extent 423ص.
Other physical details جداول
Dimensions 24سم.
653 ## - INDEX TERM--UNCONTROLLED
Uncontrolled term علم النفس- طرق القياس
942 ## - ADDED ENTRY ELEMENTS (KOHA)
Koha item type كتب
المقتنيات
Withdrawn status Lost status Source of classification or shelving scheme Damaged status Not for loan Home library Current library Date acquired Inventory number Total checkouts Full call number Barcode Date last seen Copy number Price effective from Koha item type
    Dewey Decimal Classification   NOT LOAN / إعارة داخلية مكتبة معهد التربية البدنية و الرياضية مكتبة معهد التربية البدنية و الرياضية 23/02/2025 invar3269   150.28 م ع ق / 1 invar3269 23/02/2025 ل ع 1091 / 1 23/02/2025 كتب
    Dewey Decimal Classification   Available مكتبة معهد التربية البدنية و الرياضية مكتبة معهد التربية البدنية و الرياضية 23/02/2025 invar3270   150.28 م ع ق / 2 invar3270 23/02/2025 ل ع 1091 / 2 23/02/2025 كتب
    Dewey Decimal Classification   Available مكتبة معهد التربية البدنية و الرياضية مكتبة معهد التربية البدنية و الرياضية 23/02/2025 invar3271   150.28 م ع ق / 3 invar3271 23/02/2025 ل ع 1091 / 3 23/02/2025 كتب
    Dewey Decimal Classification   Available مكتبة معهد التربية البدنية و الرياضية مكتبة معهد التربية البدنية و الرياضية 23/02/2025 invar3272   150.28 م ع ق / 4 invar3272 23/02/2025 ل ع 1091 / 4 23/02/2025 كتب

موارد الويب المفتوحة


© University of Algiers 3 All Rights Reserved
|
Implemented by LECHELAH Riad